[Event "Labour Day"]
[Site "Adelaide"]
[Date "2005.10.01"]
[Round "2.2"]
[White "Juszczynski, Mathew"]
[Black "Jothibabu, Anandaram"]
[Result "1-0"]
[Annotator "Fritz 9"]
[BlackElo "1501"]
[EventCountry "AUS"]
[EventDate "2005.10.01"]
[EventRounds "7"]
[EventType "swiss"]
[PlyCount "71"]
[WhiteElo "1768"]

{ D34: Tarrasch Defence: 6 g3 Nf6 7 Bg2 Be7 } 1. d4 Nf6 2. c4 e6 3. g3 d5 4. Nf3
Be7 5. Bg2 O-O 6. O-O c5 7. cxd5 exd5 8. Nc3 Nc6 9. Bg5 cxd4 10. Nxd4 Ne4 $146
( 10... a6 11. Be3 Re8 12. Rc1 Bf8 13. Nxc6 bxc6 14. Na4 Qa5 15. a3 Qb5 16. Re1
Bg4 17. h3 Bh5 18. g4 Bg6 19. Bd4 h5 20. Nc3 Qb8 21. g5 Nh7 22. Na4 Re6 23. Qd2
Bf5 24. Nc5 Rg6 25. Be3 { Marcus,H-Majer,D/Hessen 1991/GER/1/2-1/2  (  66  )} 
)( 10... Bg4 11. h3 Be6 12. Kh2 ( 12. Nxe6 fxe6 13. Rc1 Rc8 14. h4 Ne8 15. Bh3
Nc7 16. Qd2 h6 17. Bf4 Bd6 18. Bxd6 Qxd6 19. Ne4 Qe5 20. Nc5 Rf7 21. f4 Qd4+
22. Qxd4 Nxd4 23. Kf2 Rb8 24. Rfd1 Nf5 25. e4 dxe4 26. Nxe4 Rbf8 { Plachetka,J 
(  2470  )  -Misanovic,V  (  2305  )  /Oberwart 1991/TD/1-0  (  39  )}  )12...
h6 13. Be3 Qd7 { 1/2-1/2 Mozetic,D  (  2495  )  -Kosic,D  (  2515  ) 
/Podgorica 1996/CBM 053}  )( 10... Nxd4 11. Qxd4 Be6 12. Rfd1 h6 ( 12... Qa5
13. a3 Rfd8 14. b4 Qa6 15. Qd3 Qxd3 16. Rxd3 h6 17. Bxf6 Bxf6 18. Rad1 Bxc3 19.
Rxc3 Rd7 20. Rcd3 Rad8 21. e3 Kf8 22. Rd4 b6 23. h3 Ke7 24. Rc1 h5 25. Bf1 Kd6
26. Kg2 g6 27. f4 { Wilton,L-Nielsen,H/Denmark 1992/TD/1/2-1/2  (  61  )}  )13.
Bf4 Qa5 14. Qd2 Rfd8 15. Be5 Rd7 16. Bxf6 Bxf6 17. Nxd5 Qxd2 18. Rxd2 Bxd5 19.
Bxd5 Rc8 20. Rad1 Rdc7 21. Bb3 Re7 22. h4 Rce8 23. e3 Rc7 24. Rd7 Re7 25. Rxe7
{ Schulz,W  (  2052  )  -Van Wyk,J  (  1851  )  /Winnipeg 2005/CBM 106 ext/0-1 
(  37  )}  )( 10... Bg4 $5 $14 { should be examined more closely} )11. Bxe7 $16
Qxe7 12. Nxd5 Qe5 13. Nxc6 bxc6 14. Nb4 Qb5 ( 14... Bb7 15. Qd7 Qb5 16. Bxe4
Qxb4 17. Bd3 $16 )15. Qd4 $18 Rb8 ( 15... f5 16. a4 ( 16. Bxe4 $143 fxe4 17.
Qxe4 Bf5 $16 )16... Qxe2 17. f3 $18 )16. Nxc6 $1 { the final nail in the
coffin.}  ( 16. Bxe4 $6 Qxb4 17. Qxb4 Rxb4 18. Bxc6 Rxb2 $16 )16... Qxc6 {
Decoy to c6}  17. Bxe4 Qe6 18. Bf3 ( 18. Qxa7 $2 { leads to nothing}  18...
Qxe4 19. Qe3 Qxe3 20. fxe3 Rxb2 $19 )18... Ba6 19. Rfd1 ( 19. b3 Bb7 $18 )19...
Bb7 ( 19... Bxe2 $5 20. Re1 Qc4 21. Qxc4 Bxc4 $16 )20. Bxb7 $18 Rxb7 21. e3 h6
22. b4 Rfb8 23. a3 g5 ( 23... a5 24. bxa5 Rb5 25. Qh4 $18 )24. Rac1 Qa2 ( 24...
Kh7 $18)25. Rc6 Rb6 26. Rdc1 Rxc6 27. Rxc6 Rb6 ( 27... Qb1+ { the last chance
for counterplay}  28. Kg2 Re8 $18 )28. Rc8+ Kh7 29. Rh8+ Kg6 30. Qe4+ ( 30.
Rg8+ Kh5 31. Qh4+ gxh4 32. g4# )30... Kg7 $18 31. Qh7+ Kf6 32. Qxh6+ Kf5 33.
g4+ Ke4 34. Qxg5 ( 34. Qh7+ $142 { seems even better}  34... Rg6 35. Rd8 Qa1+
36. Kg2 Qf6 $18 )34... Qa1+ ( 34... Kf3 { doesn't do any good}  35. Qf4+ Ke2
36. Kg2 $18 )35. Kg2 Qxh8 ( 35... Qf6 { hoping against hope}  36. Re8+ Kd3 37.
Qd5+ Ke2 38. Qc4+ Ke1 39. Qf1+ Kd2 $18 )36. Qf5#  1-0

[Event "Labour Day"]
[Site "Adelaide"]
[Date "2005.10.01"]
[Round "2.4"]
[White "Ross, Bill"]
[Black "Staak, Eric"]
[Result "0-1"]
[Annotator "Fritz 9"]
[BlackElo "1398"]
[EventCountry "AUS"]
[EventDate "2005.10.01"]
[EventRounds "7"]
[EventType "swiss"]
[PlyCount "36"]
[WhiteElo "1435"]

{ B23: Closed Sicilian: Lines without g3 } 1. e4 c5 2. Nc3 Nc6 3. f4 d6 4. Nf3
e6 5. Bb5 Bd7 6. O-O a6 7. Bxc6 Bxc6 8. d3 Be7 9. Bd2 $146 ( 9. Qe1 Nf6 10. Qg3
( 10. b3 O-O 11. Bb2 d5 12. Ne5 Rc8 13. Rd1 Qc7 14. Qg3 d4 15. Nxc6 Qxc6 16.
Ne2 Ne8 17. f5 exf5 18. Rxf5 g6 19. Rdf1 Ng7 20. R5f3 Qd6 21. Nf4 f5 22. Nd5
fxe4 23. Qxd6 Bxd6 24. Nf6+ Kh8 { Epishin,V  (  2590  )  -Novikov,I  (  2575  )
 /Leningrad 1990/URS-ch/1-0  (  54  )}  )( 10. e5 Nd5 11. Ne4 O-O 12. Qg3 f5
13. Neg5 Bxg5 14. Nxg5 Re8 15. Nf3 b6 16. exd6 Qxd6 17. Ne5 Nf6 18. h3 Nd7 19.
Re1 Nxe5 20. Rxe5 Qd4+ 21. Kh2 Rad8 22. Qe1 Qd7 23. b3 Qf7 24. Bb2 Qg6 {
Novovic,V  (  1824  )  -Stojkovic,S/Belgrade 2005/CBM 107 ext/1-0  (  75  )} 
)( 10. Kh1 O-O 11. e5 Nd7 12. Ne4 d5 13. Nf2 Re8 14. Bd2 Nf8 15. Ng4 Ng6 16.
Qg3 d4 17. Ng5 h5 18. Nxf7 Kxf7 19. f5 Nh4 20. f6 Nf5 21. Qh3 Rh8 22. fxe7 Qxe7
23. Nf2 Kg8 24. Ne4 b6 { Akhavan Rad,A  (  2215  )  -Ozolin,M  (  2313  ) 
/Dubai 2001/CBM 083/0-1  (  46  )}  )10... g6 11. b3 Bf8 12. Bb2 Bg7 13. Rfe1
Nh5 14. Qg4 Nf6 15. Qh3 b5 16. e5 dxe5 17. Nxe5 Bb7 18. Ne4 Bxe4 19. dxe4 Qb6
20. c4 b4 21. Ng4 Nh5 22. Bxg7 Nxg7 23. Nf6+ Ke7 {
Nachiappan,R-Wijethunga,C/Negombo 2003/CBM 095 ext/1-0}  )( 9. Qe2 Nf6 10. Kh1
O-O 11. Bd2 b5 12. a4 b4 13. Nd1 a5 14. b3 Qc7 15. Ne3 Nd7 16. Rab1 Rae8 17. f5
exf5 18. Nxf5 Bf6 19. Ng5 Bxg5 20. Bxg5 f6 21. Bf4 Ne5 22. Qf2 Bd7 23. Bd2 Be6
{ Jones,R-Yousif,S/Thessaloniki 1988/TD/0-1  (  45  )}  )( 9. Qe1 Qc7 $14 )9...
b5 ( 9... Nf6 10. e5 Ng4 11. Qe2 $11 )10. Qe1 $14 Nf6 11. f5 { White gains
space}  ( 11. e5 dxe5 12. fxe5 Ng4 $16 )11... b4 { Black threatens to win
material: b4xc3}  12. Ne2 e5 13. Kh1 g6 ( 13... O-O 14. Qg3 $11 )14. fxg6 ( 14.
Ng3 Bd7 $14 )14... hxg6 15. Neg1 ( 15. a3 a5 $14 )15... Bd7 ( 15... Ng4 16. a3
a5 17. Nh3 $15 )16. Bg5 ( 16. a3 a5 $11 )16... Nh5 17. Bxe7 Qxe7 18. Qe3 $4 (
18. a3 $142 { is just about the only chance}  18... b3 19. cxb3 $11 )18... Ng3#
 0-1

[Event "Labour Day"]
[Site "Adelaide"]
[Date "2005.10.01"]
[Round "2.5"]
[White "Schoech, Franz"]
[Black "Hughes, Peter"]
[Result "1-0"]
[Annotator "Fritz 9"]
[BlackElo "1179"]
[EventCountry "AUS"]
[EventDate "2005.10.01"]
[EventRounds "7"]
[EventType "swiss"]
[PlyCount "71"]
[WhiteElo "1024"]

{ C46: 3 Nc3: Unusual Black 3rd moves } 1. e4 e5 2. Nf3 Nc6 3. Nc3 Bc5 4. Bc4 d6
5. h3 Nf6 6. d3 O-O 7. Bg5 h6 8. Bh4 g5 $146 ( 8... Na5 9. Bb3 Nxb3 10. axb3
Bb4 11. O-O Be6 12. Nb5 a6 13. Ra4 axb5 14. Rxb4 c6 15. d4 exd4 16. Nxd4 Qe7
17. Qf3 g5 18. Bg3 g4 19. Qf4 gxh3 20. Nxe6 fxe6 21. gxh3 d5 22. c3 Nxe4 23.
Qxh6 { Meeuwissen,X-Brandstetter,D/Szombathely 1993/TD/1/2-1/2}  )( 8... Qe7 9.
Nd5 Qd8 10. Nxf6+ gxf6 11. Nd2 Ne7 12. Bxf6 a6 13. Qf3 Kh7 14. g4 Rg8 15. Bxf7
Rf8 16. Bh5 Bd7 17. g5 hxg5 18. Bf7 Rxf7 19. Qh5+ Kg8 20. Qh8# { 1-0 Duerre,G 
(  1319  )  -Thewes,A  (  918  )  /Willingen 2005/CBM 106 ext}  )( 8... a6 9.
O-O Nd4 10. Nxd4 Bxd4 11. Qf3 Be6 12. Bxf6 Qxf6 13. Qxf6 gxf6 14. Bb3 Bxb3 15.
axb3 Bxc3 16. bxc3 c6 17. c4 b5 18. cxb5 axb5 19. b4 Rxa1 20. Rxa1 d5 21. Ra6
dxe4 22. dxe4 Rc8 23. Kf1 { Tching Sin,M-Dijoux,J/L'Etang 2001/CBM 085 ext/1-0 
(  45  )}  )( 8... Bb4 9. O-O Bxc3 10. bxc3 Qe7 11. Rb1 b6 12. Bd5 Bb7 13. a4
Na5 14. Bb3 Nxb3 15. Rxb3 d5 16. a5 dxe4 17. dxe4 Bxe4 18. axb6 axb6 19. Re1
Bc6 20. Nxe5 Qc5 21. Bxf6 gxf6 22. Nd3 Qg5 23. Qg4 { Hoefer,M  (  568  ) 
-Dinger,S  (  970  )  /Winterberg 2002/CBM 088 ext/1/2-1/2  (  51  )}  )9. Bg3
Nh5 ( 9... Na5 10. Bb3 $11 )10. Bh2 $14 Nf4 11. Bxf4 exf4 ( 11... gxf4 12. Qe2
$14 )12. a3 ( 12. d4 Bb4 $16 )12... a6 { Secures b5}  ( 12... Nd4 13. h4 Bg4
14. hxg5 Bxf3 15. gxf3 Qxg5 16. Kd2 $11 )13. Qd2 ( 13. d4 Bb6 $16 )13... Na5 (
13... Nd4 $5 $16)14. Ba2 $18 Ba7 15. O-O-O b5 ( 15... Kg7 16. d4 $18 )16. d4 (
16. h4 $5 $142 g4 17. Qxf4 $18 )16... Nc4 17. Qd3 ( 17. Bxc4 bxc4 18. h4 g4 19.
Qxf4 Kh7 $16 )17... Be6 $16 18. Qe2 ( 18. Rhe1 c6 $16 )18... c6 $14 { Covers
d5}  19. d5 cxd5 20. exd5 Bf5 21. Nd4 ( 21. Bxc4 bxc4 22. Nd2 Bd4 $11 )21...
Bxd4 22. Rxd4 Qb6 { Black threatens to win material: Qb6xd4}  23. Qd1 ( 23.
Rhd1 $5 $142 { should be investigated more closely}  23... Rfc8 24. Ne4 $11
)23... Rfc8 24. h4 $2 ( 24. Ne4 $142 Bxe4 25. Rxe4 Qxf2 26. Bxc4 Rxc4 27. Re2
$17 )24... g4 $4 { forfeits the clear win}  ( 24... Nxa3 $142 { Black missed
this excellent chance}  25. Bb3 a5 26. hxg5 a4 27. Rxf4 axb3 28. Rxh6 Rxc3 $19
( 28... Bxc2 $4 { mating in 4}  29. Qh5 Qe3+ 30. fxe3 Bg6 31. Rh8+ Kg7 32. Qh6#
)( 28... bxc2 { is refuted with a beautiful mate}  29. Qh5 Qd4 30. Rxd4 Kf8 31.
Rf6 Ra7 32. Rxf5 Re8 33. Qh8+ Ke7 34. Re4+ Kd8 35. Qxe8+ Kc7 36. Qc6+ Kb8 37.
Re8# ))25. Rxf4 $18 b4 ( 25... Bd7 { hoping against hope}  26. Ne4 Ne5 27. Nf6+
Kh8 $18 )26. Na4 ( 26. Rxc4 $6 { is a weaker possibility}  26... bxc3 27. Rxc3
Rxc3 28. bxc3 Qc5 $11 ( 28... Qxf2 $143 29. Rf1 Qe3+ 30. Qd2 Qxd2+ 31. Kxd2 $16
))( 26. Bxc4 $6 bxc3 27. b3 Qa5 $14 )26... Qb5 ( 26... Qa5 { does not win a
prize}  27. Rxf5 ( 27. Rxc4 $6 { is not possible}  27... Rxc4 28. Bxc4 Qxa4 $16
)27... Ne5 28. Rxe5 dxe5 29. Qxg4+ Kh8 30. Qxb4 Qxb4 31. axb4 $18 )27. Rxf5
Qxa4 ( 27... Ne5 { is still a small chance}  28. Rxe5 dxe5 29. Qxg4+ Kf8 30.
Qxb4+ Qxb4 31. axb4 Rab8 $18 )28. Qxg4+ Kf8 29. Bxc4 bxa3 30. b3 ( 30. Qg6
axb2+ 31. Kd2 Ra7 32. Qxh6+ Ke7 33. Re1+ Kd8 34. Qxd6+ Qd7 35. Qb6+ Qc7 36.
Qf6+ Qe7 37. Qh8+ Kd7 38. Rxe7+ Kxe7 39. d6+ Kd7 40. Rxf7+ Kxd6 41. Rf6+ Kc7
42. Qg7+ Kb8 43. Rb6+ Ka8 44. Bd5+ Rb7 45. Qxb7# )30... Qb4 31. Qf3 ( 31. Qg6
$1 $142 { secures the point}  31... Rc7 32. Qxh6+ Ke8 33. Qh8+ Ke7 34. Qxa8 $18
)31... Ra7 ( 31... a2 { doesn't change the outcome of the game}  32. Kb2 Rxc4
33. c3 a1=Q+ 34. Rxa1 $18 )32. Qe3 ( 32. Rf4 $142 { makes it even easier for
White}  32... Re7 33. Rd1 $18 )32... Rxc4 ( 32... Re7 { the only chance to get
some counterplay}  33. Qxh6+ Ke8 $18 )33. Qxh6+ Ke8 34. Qh8+ Ke7 35. Qf6+ ( 35.
bxc4 $142 { and the rest is a matter of technique}  35... Qb2+ 36. Qxb2 axb2+
37. Kxb2 Ra8 38. Re1+ Kf8 $18 )35... Kd7 ( 35... Ke8 { no good, but what else?}
 36. bxc4 Re7 $18 )36. Qxf7+ ( 36. Qxf7+ Kd8 37. Qxa7 ( 37. bxc4 { succumbs to
an attractive mate}  37... Rxf7 38. Kd1 Rxf5 39. f3 Qb1+ 40. Kd2 Qxh1 41. Kd3
a2 42. h5 Qf1+ 43. Ke4 a1=Q 44. Kxf5 Qe5+ 45. Kg6 Qxg2+ 46. Kh7 Qxh5# )37...
Rxc2+ 38. Kxc2 Qe4+ 39. Kc3 Qxf5 40. Qb6+ Kc8 41. Qxa6+ Kc7 42. Qc6+ Kb8 43.
Qxd6+ Ka8 44. Qxa3+ Kb7 45. Qe7+ Kc8 46. Ra1 Qxd5 47. Qe8+ Kc7 48. Ra7+ Qb7 49.
Qe7+ Kc6 50. Qxb7+ Kc5 51. Qe7+ Kb5 52. Qe6 Kc5 53. Ra5# ) 1-0

[Event "Labour Day"]
[Site "Adelaide"]
[Date "2005.10.01"]
[Round "2.6"]
[White "Eustace, Sophie"]
[Black "Sanderson, Christopher"]
[Result "1-0"]
[Annotator "Fritz 9"]
[BlackElo "1104"]
[EventCountry "AUS"]
[EventDate "2005.10.01"]
[EventRounds "7"]
[EventType "swiss"]
[PlyCount "69"]
[WhiteElo "1153"]

{ B12: Caro-Kann: Advance Variation } 1. e4 c6 2. d4 d5 3. e5 f6 4. Bf4 $146 (
4. Bd3 g6 ( 4... Be6 5. f4 Nd7 6. f5 Bxf5 7. Bxf5 Qc7 8. Qh5+ Kd8 9. Bxd7 Qxd7
10. Nf3 Qe6 11. O-O g6 12. Qh4 Bg7 13. Nc3 Qd7 14. Bd2 Kc7 15. Qg3 Kc8 16. exf6
Nxf6 17. Ne5 Qe8 18. Qh3+ e6 19. Rae1 { Douriet,A-Bobba,A/Villa Ballester
2003/CBM 096 ext/1-0}  )5. Nf3 Bg7 6. O-O fxe5 7. Nxe5 Nf6 8. Nd2 O-O 9. Ndf3
Ng4 10. Re1 c5 11. c4 cxd4 12. cxd5 Qd6 13. Nc4 Qxd5 14. h3 Nf6 15. Nce5 b5 16.
Bc2 e6 17. Bb3 Qb7 18. Nxd4 Rd8 { Motylev,A  (  2375  )  -Dmitriev,I  (  2370 
)  /Azov 1996/CBM 056 ext/1-0}  )( 4. f4 e6 5. Nf3 Be7 6. Nc3 Nh6 7. h3 f5 8.
g3 Qc7 9. Be3 c5 10. Bb5+ Bd7 11. Qe2 a6 12. Bxd7+ Nxd7 13. Rg1 O-O-O 14. O-O-O
Nf7 15. g4 g6 16. gxf5 gxf5 17. Bf2 c4 18. Bh4 Bxh4 { Torkaman,A-Aulich,M  ( 
1415  )  /Muelheim 2002/CBM 087 ext/1/2-1/2  (  50  )}  )( 4. Nf3 g6 $16 )4...
Bf5 5. c4 ( 5. Bd3 Bxd3 6. Qxd3 e6 $16 )5... fxe5 6. Bxe5 { Black has a new
backward pawn: e7. Black has a cramped position. Black's piece can't move:f8} 
6... Nd7 7. Bg3 ( 7. Nf3 e6 8. Bd3 Nxe5 9. Nxe5 Bxd3 10. Qxd3 dxc4 11. Qxc4 Qd5
$14 )7... e6 ( 7... e5 8. Nf3 ( 8. Bxe5 $143 Bxb1 9. Rxb1 Bb4+ 10. Ke2 Nxe5 11.
dxe5 Qh4 $17 )8... Qb6 9. Qb3 ( 9. Bxe5 $2 { doesn't lead to anything
significant}  9... Qxb2 10. Nbd2 Nxe5 11. dxe5 Bc2 $19 )9... exd4 10. Qxb6 axb6
11. cxd5 cxd5 12. Nxd4 Bxb1 13. Rxb1 Bb4+ 14. Kd1 Rxa2 15. Kc2 $11 )8. Nf3 Bb4+
9. Nc3 { White has an active position}  9... Ngf6 10. a3 ( 10. Qb3 c5 11. Be2
O-O $11 )10... Bxc3+ 11. bxc3 { White has the pair of bishops}  11... Ne4 {
Black threatens to win material: Ne4xc3}  12. Qb3 Nxg3 ( 12... Qb6 13. Qb4 $11
)13. fxg3 Rb8 14. Be2 O-O 15. O-O Be4 16. Rae1 Qc7 $2 ( 16... b5 17. cxb5 cxb5
18. a4 ( 18. Bxb5 $2 a6 $19 )18... bxa4 19. Qxa4 $11 )17. Nd2 { White king
safety dropped}  ( 17. Ng5 Rxf1+ 18. Bxf1 Bf5 $16 )17... Bg6 ( 17... dxc4 18.
Bxc4 Bd5 19. Qb1 $11 )18. Rxf8+ Rxf8 19. Bg4 Bf5 ( 19... Bf7 $5 $14 { deserves
consideration} )20. Bxf5 $16 Rxf5 21. Rxe6 Nf8 ( 21... Nb6 22. Re8+ Rf8 23.
Rxf8+ Kxf8 24. c5 $16 )22. Re1 $18 Qf7 23. cxd5 Rxd5 24. Nf3 ( 24. Rf1 Qe7 $18
)24... Ra5 ( 24... Rb5 25. Qc2 $16 )25. Qxf7+ Kxf7 26. Ne5+ Kf6 $2 ( 26... Kg8
$142 27. Rb1 Ng6 $18 )27. Rf1+ Ke7 28. Rf7+ Ke8 29. Rxb7 Rxa3 30. Nxc6 ( 30.
Rxg7 $6 Ne6 31. Rg8+ Ke7 32. Nxc6+ Kd6 $18 )30... Rxc3 ( 30... Nd7 31. c4 a5
32. c5 $18 )31. Rb8+ ( 31. Re7#)31... Kd7 $18 32. Ne5+ ( 32. Nxa7 $6 Ne6 $16
)32... Ke7 33. Rb7+ Kd6 34. Rxg7 Ne6 $4 { simply worsens the situation}  (
34... Rc7 35. Rxc7 Kxc7 $18 )35. Rd7#  1-0

[Event "Labour Day"]
[Site "Adelaide"]
[Date "2005.10.01"]
[Round "3.1"]
[White "Mdinaradze, Edgar"]
[Black "Juszczynski, Mathew"]
[Result "1-0"]
[Annotator "Fritz 9"]
[BlackElo "1768"]
[EventCountry "AUS"]
[EventDate "2005.10.01"]
[EventRounds "7"]
[EventType "swiss"]
[PlyCount "65"]
[WhiteElo "1845"]

{ A52: Budapest Gambit } 1. d4 Nf6 2. c4 e5 3. dxe5 Ng4 4. Nf3 Bc5 5. e3 Nc6 6.
Nc3 O-O 7. Bd2 ( 7. a3 a6 8. Be2 Ngxe5 9. Nxe5 Nxe5 10. b4 Ba7 11. Bb2 d6 12.
Qc2 c6 13. O-O Be6 14. Na4 Qc7 15. Rfd1 f6 16. Rd2 b5 17. cxb5 axb5 18. Bxb5
Rac8 19. Ba6 Ra8 20. Be2 Ng4 21. Bxg4 Bxg4 { Hellegaard,D  (  2004  ) 
-Petersen,P/Esbjerg 2005/CBM 107 ext/1-0}  )7... Ncxe5 $146 ( 7... Re8 8. Ne4
Bf8 9. e6 dxe6 10. Qc2 f5 11. Ng3 e5 12. h3 Nxf2 13. Kxf2 e4 14. Rd1 exf3 15.
gxf3 f4 16. exf4 Nd4 17. Qd3 c5 18. h4 b6 19. Bh3 Bb7 20. Bg4 Qc7 21. Rde1 Rxe1
22. Rxe1 { Agdestein,S  (  2630  )  -Lendwai,R  (  2410  )  /Cappelle la Grande
1993/TD/1-0  (  53  )}  )( 7... Ngxe5 $5 { is an interesting idea}  8. Nxe5
Nxe5 $11 )8. h3 $14 Nxf3+ 9. gxf3 Nxf2 $2 ( 9... Nf6 $5 $14 $142 { must
definitely be considered} )10. Kxf2 $16 Qh4+ 11. Ke2 ( 11. Kg2 $5 $18
$142)11... Qxc4+ $14 12. Kf2 Qh4+ 13. Kg1 ( 13. Kg2 d5 $14 )13... Re8 14. Qe1
Qg5+ { The pressure on e3 grows}  ( 14... Qh6 15. Qg3 d5 16. Kh2 $11 ( 16. Nxd5
$143 Rd8 17. Qe5 Qe6 18. Qxe6 Bxe6 $17 ))15. Kf2 ( 15. Bg2 Bxe3+ 16. Bxe3 Rxe3
$14 )15... d5 $11 16. h4 Qe5 { Black intends d4}  17. Na4 { White threatens to
win material: Na4xc5}  ( 17. Kg2 Bf5 $11 )17... Bd6 18. Bd3 $2 ( 18. Nc3 $11
$142 { and White is still in the game} )18... d4 $19 19. f4 ( 19. e4 b5 20. f4
Qf6 $19 )19... Qf6 20. Qc1 ( 20. e4 Bd7 21. Kg1 Qg6+ ( 21... Bxf4 $6 22. Bxf4
Qxf4 23. Nc5 $19 )22. Kf1 Bxa4 $19 )20... Bd7 21. Nc5 ( 21. Qc4 dxe3+ 22. Bxe3
Rxe3 23. Kxe3 $19 )21... Bc6 ( 21... dxe3+ $142 { it becomes clear that Black
will call all the shots}  22. Bxe3 Bc6 $19 )22. e4 b6 $4 { Black threatens to
win material: b6xc5. not a good decision, because now the opponent is right
back in the game}  ( 22... a5 $19)23. Nb3 $4 { White has let it slip away}  (
23. Ne6 $1 $142 { the only rescuing move}  23... fxe6 24. Qxc6 Bxf4 25. Ke2 $14
)23... Bxe4 $19 24. Bxe4 Rxe4 25. Qc6 Rae8 26. Rh3 $4 { terrible, but what else
could White do to save the game?}  ( 26. Rae1 $142 Rxe1 27. Rxe1 Qxh4+ 28. Kf1
Rxe1+ 29. Bxe1 Qxf4+ 30. Bf2 $19 )26... d3 ( 26... Qf5 27. Rf3 Qg4 28. Re1 Rxe1
29. Bxe1 Qxh4+ 30. Rg3 Qxf4+ 31. Qf3 Qxg3+ 32. Qxg3 Bxg3+ 33. Kxg3 Rxe1 34.
Nxd4 $19 )27. Kf1 Qxb2 ( 27... Kf8 28. Rc1 Qf5 29. Rf3 $19 )28. Rxd3 Bxf4 $4 {
gives away a clear win}  ( 28... Qf6 $142 { Black would have gained the upper
hand}  29. Rg3 g6 $19 )29. Qxe4 $3 $18 { Annihilates a defender: e4}  29... Be5
( 29... Rxe4 { A deflection}  30. Rd8+ { A classical mating theme}  )30. Bc3 $1
{ the best thing is for White to hand back some material}  30... Qc2 ( 30...
Bxc3 { Exploits the pin}  31. Qxe8# { The nicest combinations are those leading
to mate}  )31. Bxe5 f6 32. Qd5+ ( 32. Rc1 Kf7 33. Rxc2 c6 34. Qc4+ Re6 35. Rd7+
Kg6 36. Qe4+ Kh5 37. Qf5+ Kh6 38. Bf4+ g5 39. Qxh7# )32... Kh8 33. Rad1 ( 33.
Rad1 fxe5 34. Qf7 $18 )( 33. Rc1 c6 34. Qd8 Qxd3+ 35. Qxd3 fxe5 36. Rxc6 Rf8+
37. Ke2 h6 38. Qe3 b5 39. Qxe5 Kh7 40. Rc7 Rg8 41. Qe4+ Kh8 42. Rxa7 Rc8 43.
Qg6 Rg8 44. h5 b4 45. Rb7 Re8+ 46. Qxe8+ Kh7 47. Qg6+ Kh8 48. Qxg7# ) 1-0

[Event "Labour Day"]
[Site "Adelaide"]
[Date "2005.10.01"]
[Round "3.2"]
[White "Amini, Amir"]
[Black "Schoech, Franz"]
[Result "1-0"]
[Annotator "Fritz 9"]
[BlackElo "1024"]
[EventCountry "AUS"]
[EventDate "2005.10.01"]
[EventRounds "7"]
[EventType "swiss"]
[PlyCount "95"]
[WhiteElo "1746"]

{ D20: Queen's Gambit Accepted: 3 e3 and 3 e4 } 1. d4 d5 2. c4 dxc4 3. e4 e5 {
Black threatens to win material: e5xd4}  4. Nc3 $146 ( 4. Bxc4 Nf6 ( 4... Qxd4
5. Qb3 ( 5. Qc2 Bb4+ 6. Bd2 Bxd2+ 7. Nxd2 Ne7 8. Ngf3 Qd6 9. Rd1 O-O 10. Nf1
Qf6 11. Ne3 c6 12. Qe2 Nd7 13. h3 Nb6 14. Bb3 Ng6 15. Nh2 Qe7 16. O-O Be6 17.
Bxe6 Qxe6 18. b3 Rad8 19. Nf5 Ne7 { Cawdery,D-Peterson,D/Duisburg 1992/TD/1-0 
(  32  )}  ) 5... Qxe4+ 6. Be3 Qxg2 7. Bxf7+ Kd8 8. Nc3 Qxh1 9. O-O-O+ Nd7 10.
Bxg8 Be7 11. Qf7 Qg2 12. Nf3 c6 13. Nxe5 Qxh2 14. Nxd7 Bxd7 15. Qxg7 { 1-0
Afromeev,V  (  2547  )  -Shestakov,S  (  2342  )  /Tula 2004/CBM 103 ext}  )5.
Qb3 Qxd4 6. Bxf7+ Kd8 7. Nc3 Bb4 8. Ne2 Qxe4 9. O-O Bxc3 10. Nxc3 Qc6 11. Rd1+
Nbd7 12. Bg5 a5 13. Nd5 h6 14. Rac1 a4 15. Qb4 Qd6 16. Qh4 Qf8 17. Bxf6+ gxf6
18. Be6 Ra6 { Mirasol Obrador,M-Saurina Suner,F/Figueres 2004/CBM 101 ext/1-0} 
)( 4. Nf3 Bb4+ 5. Bd2 Bxd2+ 6. Qxd2 exd4 7. Qxd4 Qxd4 8. Nxd4 Nf6 $14 )4...
Qxd4 $15 5. Nf3 ( 5. Be3 $5 { should not be overlooked}  5... Qxd1+ 6. Rxd1 $15
)5... Qxd1+ $17 6. Kxd1 Nc6 7. Bxc4 Bg4 8. Be3 O-O-O+ 9. Kc1 f6 10. a3 Kb8 11.
Nd2 ( 11. Rd1 Bd6 $17 )11... Nd4 12. f3 Bc8 13. b4 Ne7 14. Kb2 f5 15. Rhd1 f4
16. Bf2 Be6 ( 16... g5 $5 $17 $142)17. Bxe6 $11 Nxe6 18. Nc4 { White threatens
to win material: Nc4xe5}  18... Nc6 $2 ( 18... Rxd1 $5 { is worth
consideration}  19. Rxd1 Ng6 $11 )19. Rxd8+ ( 19. b5 Rxd1 20. Rxd1 Ncd8 $16
)19... Ncxd8 20. Nxe5 { White has a new protected passed pawn: e4}  20... Bd6 {
Black threatens to win material: Bd6xe5}  21. Nc4 Be7 22. Nd5 Re8 23. Rd1 b6 (
23... Bf8 24. g3 g5 25. Be1 $16 )24. g3 Bf8 ( 24... b5 $5 25. Nxe7 Rxe7 $16
)25. Nxf4 $18 Nxf4 26. gxf4 g6 27. Rd7 h5 ( 27... Be7 28. Ne5 $18 )28. Kb3 Kc8
29. Rh7 Ne6 30. Bg3 ( 30. Ne5 $5 Nxf4 31. Bg3 Rxe5 32. Bxf4 Re7 $18 )30... Bg7
31. f5 ( 31. Ne3 $142 Re7 32. f5 $16 )31... Nd4+ $4 { cause more grief}  (
31... gxf5 $142 32. exf5 Nd4+ 33. Ka2 Nxf5 34. Rxh5 Rf8 $16 )32. Ka2 $18 Re7
33. Ne3 ( 33. fxg6 $142 { and White has it in the bag}  33... Nxf3 34. Ne3 $18
)33... gxf5 34. Nxf5 Nxf5 35. exf5 Bf6 36. Rxh5 Kd7 ( 36... c5 37. bxc5 bxc5
38. a4 $18 )37. Rh6 Bd4 38. Kb3 b5 39. Re6 ( 39. Kc2 $5 Re3 40. Rh7+ Ke8 $18
)39... Rf7 $16 40. Re4 Bb6 41. Re5 c6 42. Re6 ( 42. Kc3 $16 $142)42... Bc7 $2 (
42... Rxf5 43. Rd6+ Ke7 44. Rxc6 Rxf3+ 45. Rc3 Rxc3+ 46. Kxc3 $16 )43. Bxc7 (
43. Rg6 Bb6 44. Rd6+ Ke7 45. Rxc6 Rxf5 $18 )43... Kxc7 $2 ( 43... Rxf5 $142 {
is a viable option}  44. Re3 Kxc7 $14 )44. f6 $18 Kd7 $4 { shortens the misery
for Black}  ( 44... Rf8 45. f4 Kd7 $18 )45. Re7+ Rxe7 46. fxe7 Kxe7 47. Kc3 Kf6
( 47... Kd6 { is not much help}  48. Kd4 $18 )48. Kd4 ( 48. Kd4 Kf5 49. Kc5 $18
) 1-0